000 00405 a2200133 4500
000 nam a22 7a 4500
100 _aचपड़ा हिरेन
110 _aचपड़ा हिरेन
245 _aभारत की सामाजिक समस्याए
250 _aLatest edition
260 _bParadise Publishers
_c2026
264 _bParadise Publishers
_c2026
942 _cBK
999 _c396693
_d396693